| 000 | 00781nam a2200241 4500 | ||
|---|---|---|---|
| 003 | OSt | ||
| 005 | 20231017114658.0 | ||
| 008 | 231016s2023 mx |||f |||| 001 0 spa d | ||
| 040 |
_erda _cCHAP |
||
| 082 | 0 | 0 |
_222 _a861.4 _bD27 |
| 100 | 1 |
_9188137 _aDíaz Ruiz, Terezo |
|
| 245 | 1 | 3 |
_aEl latido de la montaña: _by otros poemas de amor / _cpor Terezo Díaz Ruiz, compilado por Juana Cruz Morales |
| 264 | 1 |
_aMéxico: _bUniversidad Autónoma Chapingo, _c2023. |
|
| 300 |
_a124 páginas: _bsin ilustraciones |
||
| 336 |
_2rdacontent _atexto _btxt |
||
| 337 |
_2rdamedia _asin medio _bn |
||
| 338 |
_2rdacarrier _avolumen _bnc |
||
| 504 | _aIncluye índice | ||
| 650 | 4 |
_990146 _aPoesía mexicana |
|
| 700 | 1 |
_929517 _aCruz Morales, Juana _ecompilador |
|
| 942 | _2ddc | ||
| 942 | _cLIBRO | ||
| 999 |
_c219266 _d219266 |
||